000 00529nam a2200181Ia 4500
003 GCL
008 140319s9999 xx 000 0 eng d
040 _aGCL /
_cGCL
082 0 4 _a004
_bG C
100 1 _aGRMT, CLIVE
245 1 0 _aCOMPUTING FOR ENGINEERS: A PROBLEM CODING APPROACH TO PROGRAMMING IN PASCAL /
_cGRMT, CLIVE
260 _a[S.N] :
_bPRENTICE HALL ،
_c1989
300 _a364 P
650 0 4 _aالتحليل الرياضى
650 0 4 _aDATA PROCESSING
650 0 4 _aCOMPUTER PROGRAM LANGUAGE
942 _2ddc
_cBK
999 _c23000
_d23000